000 00429nab a2200145Ia 4500
003 ES-SlBCS
005 20210601134619.0
008 140529s1981 xxu||||| |||| 00| 0 spa d
041 _aspa
100 1 _aPollak-Eltz, Angelina
_9220363
245 0 0 _aCuranderismo y curanderos en Venezuela
_c Angelina Pollak-Eltz
650 0 4 _aCuranderismo
_9220432
773 0 _tAnthropos
_gvol. 2, nº. 3, 1981, págs. 54-78
_wRev38
942 _cAR
999 _c615289
_d615289